00627nam a2200169 a 450000100100000000500170001000800410002704000250006824500450009326000620013830000270020049000290022774000430025683000360029995201050033599900170044000003745120200930080358.0120418s1997 dr a 000 0 spa d aDO-SdBNPbspacBNPHU00aPerfil de inversión del limón agrio. aSanto Domingo :bJunta Agroempresarial Dominicana,c1997. a39 p. :bil. ;c25 cm.1 aDocumentos técnicosv722aJunta Agroempresarial Dominicana (JAD) 0aDocumentos técnicosn7963902 0010718PDaPDbPDcCTd2012-04-18iLF1l0o p37451-10r2020-06-25w2020-06-25yLFPDZNo se presta c36941d36941